| 000 | 00000nam##2200000za#4500 |
| 001 | 9.597968 |
| 003 | CaOODSP |
| 005 | 20210624204315 |
| 007 | cr ||||||||||| |
| 008 | 150406|1999||||xxc|||||o f|0| 0 fre|d |
| 040 | |aCaOODSP|bfre |
| 043 | |an-cn--- |
| 086 | 1 |aTU3-5/99-2F-PDF |
| 110 | 2 |aBureau de la sécurité des transports du Canada. |
| 245 | 10|aImpact sans perte de contrôle (CFIT) - Kelowna Flightcraft Air Charter Ltd., Douglas DC-3C C-GWUG, Mayne Island (Colombie-Britannique), le 13 janvier 1999 |h[ressource électronique] |
| 260 | |aGatineau - Québec : |bBureau de la sécurité des transports du Canada |c[2001]. |
| 300 | |a31p.|bglossaire, carte, tableaux |
| 490 | 1 |aRapport d'enquête aéronautique |vA99P0006 |
| 500 | |a«Le présent rapport met fin à l'enquête du Bureau de la sécurité des transports sur cet accident. Le Bureau a autorisé la publication du rapport le 17 mai 2001.»--Page 30 sur 31. |
| 590 | |a10-10-Supp|b2010-11-09 |
| 775 | 08|tControlled flight into terrain (CFIT) - Kelowna Flightcraft Air Charter Ltd. Douglas DC-3C C-GWUG, Mayne Island, British Columbia 13 January 1999 |w(CaOODSP)9.566495 |
| 830 | #0|aRapport d'enquête aéronautique ;|vA99P0006|w(CaOODSP)9.501229 |
| 856 | 40|ahttp://publications.gc.ca|qPDF|s187 Ko|uhttps://publications.gc.ca/collections/collection_2009/bst-tsb/TU3-5-99-2F.pdf|yA99P0006 |